ARRUPE JESUIT UNIVERSITY

CORONAVIRUS -STOP THE SPREAD - CLEAN,DISINFECT,COVER

Aquinas's Summa theologiae : (Record no. 127004)

MARC details
000 -LEADER
fixed length control field 01916cam a22003254a 4500
001 - CONTROL NUMBER
control field 14051870
003 - CONTROL NUMBER IDENTIFIER
control field ARRUPE
005 - DATE AND TIME OF LATEST TRANSACTION
control field 20171002123839.0
008 - FIXED-LENGTH DATA ELEMENTS--GENERAL INFORMATION
fixed length control field 050726s2006 mdu b 000 0 eng
010 ## - LIBRARY OF CONGRESS CONTROL NUMBER
LC control number 2005021615
020 ## - INTERNATIONAL STANDARD BOOK NUMBER
International Standard Book Number 0742543420 (cloth : alk. paper)
020 ## - INTERNATIONAL STANDARD BOOK NUMBER
International Standard Book Number 0742543439 (pbk. : alk. paper)
035 ## - SYSTEM CONTROL NUMBER
System control number (OCoLC)ocm61229621
040 ## - CATALOGING SOURCE
Original cataloging agency DLC
Transcribing agency DLC
Modifying agency YDX
-- BAKER
-- MDY
-- DLC
042 ## - AUTHENTICATION CODE
Authentication code pcc
050 00 - LIBRARY OF CONGRESS CALL NUMBER
Classification number BX1749.T6
Item number T46 2006
082 00 - DEWEY DECIMAL CLASSIFICATION NUMBER
Classification number 230/.2
Edition number 22
300 ## - PHYSICAL DESCRIPTION
Dimensions 23 cm.
245 00 - TITLE STATEMENT
Title Aquinas's Summa theologiae :
Remainder of title critical essays /
Statement of responsibility, etc edited by Brian Davies.
260 ## - PUBLICATION, DISTRIBUTION, ETC. (IMPRINT)
Place of publication, distribution, etc Lanham, Md. :
Name of publisher, distributor, etc Rowman & Littlefield Publishers,
Date of publication, distribution, etc c2006.
300 ## - PHYSICAL DESCRIPTION
Extent xix, 270 p. ;
440 #0 - SERIES STATEMENT/ADDED ENTRY--TITLE
Title Critical essays on the classics
9 (RLIN) 34331
504 ## - BIBLIOGRAPHY, ETC. NOTE
Bibliography, etc Includes bibliographical references (p. 265-268).
505 0# - FORMATTED CONTENTS NOTE
Formatted contents note The setting of the Summa theologiae / Leonard E. Boyle -- Prelude to the five ways / Victor White -- The five ways / John Wippel -- Form and existence / Peter Geach -- Aquinas on what God is not / Brian Davies -- The unity of body and soul / Robert Pasau -- The nature of the intellect / Anthony Kenny -- The immortality of the soul / Herbert McCabe -- Aquinas' account of freedom: intellect and will / Eleonore Stump -- Habits and virtues / Bonnie Kent -- Natural law : incommensurable readings / Fergus Kerr.
600 00 - SUBJECT ADDED ENTRY--PERSONAL NAME
Personal name Thomas,
Titles and other words associated with a name Aquinas, Saint,
Dates associated with a name 1225?-1274.
Title of a work Summa theologica.
9 (RLIN) 34725
700 1# - ADDED ENTRY--PERSONAL NAME
Personal name Davies, Brian,
Dates associated with a name 1951-
9 (RLIN) 9292
856 41 - ELECTRONIC LOCATION AND ACCESS
Materials specified Table of contents
Uniform Resource Identifier <a href="http://www.loc.gov/catdir/toc/ecip0517/2005021615.html">http://www.loc.gov/catdir/toc/ecip0517/2005021615.html</a>
856 42 - ELECTRONIC LOCATION AND ACCESS
Materials specified Book review (H-Net)
Uniform Resource Identifier <a href="http://www.h-net.org/review/hrev-a0f1o5-aa">http://www.h-net.org/review/hrev-a0f1o5-aa</a>
906 ## - LOCAL DATA ELEMENT F, LDF (RLIN)
a 7
b cbc
c orignew
d 1
e ecip
f 20
g y-gencatlg
942 ## - ADDED ENTRY ELEMENTS (KOHA)
Source of classification or shelving scheme Library of Congress Classification
Koha item type Monograph ( Printed materials)
Holdings
Withdrawn status Lost status Source of classification or shelving scheme Damaged status Not for loan Collection code Home library Current library Shelving location Date acquired Total Checkouts Full call number Barcode Date last seen Date checked out Price effective from Koha item type
    Library of Congress Classification     Main Collection ARRUPE LIBRARY ARRUPE LIBRARY Main Collection 02/10/2017 3 B765.T531 S8 S8 46500027789 08/11/2019 09/10/2019 02/10/2017 Monograph ( Printed materials)

 

Arrupe Library. PO Box MP320 Mt Pleasant, Harare, Zimbabwe
263 242 745411|librarian@aju.ac.zw